[Event "VI Mukhamedzjanov Memorial"]
[Site "?"]
[Date "2009.05.21"]
[Round "1"]
[White "Akhmadeev, Vadim"]
[Black "Kupreichik, Viktor"]
[Result "1-0"]
[WhiteElo "2419"]
[BlackElo "2453"]
[PlyCount "97"]
[SourceDate "2009.05.21"]

1. d4 d6 2. e4 g6 3. c4 Bg7 4. Nc3 e5 5. Nge2 Nd7 6. Be3 h5 7. Qd2 c6 8. f3 Bh6
9. Bxh6 Nxh6 10. O-O-O Qe7 11. Kb1 f6 12. h4 Nf7 13. d5 c5 14. g3 a6 15. Nc1 f5
16. Bd3 Nf6 17. Qc2 Nh6 18. Rde1 O-O 19. N1e2 b5 20. cxb5 axb5 21. Bxb5 fxe4
22. fxe4 Nhg4 23. Ng1 Qa7 24. Bc4 Ba6 25. Bxa6 Qxa6 26. Nh3 Nd7 27. Qe2 c4 28.
Rhf1 Rfb8 29. Nf2 Ndf6 30. Nxg4 Nxg4 31. Qd2 Ra7 32. Re2 Kg7 33. Qg5 Qb6 34.
Qc1 Rbb7 35. Rf3 Rf7 36. Rxf7+ Rxf7 37. Re1 Qf2 38. Nb5 Rf6 39. Nc7 Qxg3 40.
Ne8+ Kh7 41. Nxf6+ Nxf6 42. Qe3 Qxh4 43. a4 Ng4 44. Qd2 Qg3 45. Rc1 h4 46. a5
h3 47. a6 h2 48. a7 Qg1 49. a8=Q 1-0

[Event "VI Mukhamedzjanov Memorial"]
[Site "?"]
[Date "2009.05.21"]
[Round "1"]
[White "Alavkin, Arseny"]
[Black "Markosian, David"]
[Result "1/2-1/2"]
[WhiteElo "2460"]
[BlackElo "2444"]
[PlyCount "37"]
[SourceDate "2009.05.21"]

1. e4 e5 2. Nf3 Nc6 3. Bb5 Nge7 4. c3 g6 5. d4 exd4 6. cxd4 d5 7. exd5 Nxd5 8.
Ne5 Bb4+ 9. Bd2 O-O 10. Bxc6 bxc6 11. Bxb4 Nxb4 12. O-O Bf5 13. Nc3 Nc2 14. g4
Nxa1 15. gxf5 Qg5+ 16. Kh1 Qxf5 17. Ng4 Qf4 18. Ne3 Rad8 19. Qe2 1/2-1/2

[Event "VI Mukhamedzjanov Memorial"]
[Site "?"]
[Date "2009.05.22"]
[Round "2"]
[White "Romanenko, Vladimir"]
[Black "Markosian, David"]
[Result "1-0"]
[WhiteElo "2490"]
[BlackElo "2444"]
[PlyCount "117"]
[SourceDate "2009.05.21"]

1. e4 e5 2. Nc3 Nf6 3. g3 d5 4. exd5 Nxd5 5. Bg2 Nxc3 6. bxc3 Nc6 7. Ne2 Bc5 8.
O-O O-O 9. d3 Be6 10. Be3 Bb6 11. c4 Rb8 12. Rb1 Bxe3 13. fxe3 Qd7 14. Nc3 Bg4
15. Qe1 Bh3 16. Qf2 Bxg2 17. Qxg2 b6 18. Qd5 Rbd8 19. Rf2 Qxd5 20. Nxd5 Rd7 21.
Nc3 Ne7 22. g4 Rfd8 23. Kg2 Nc8 24. a4 Nd6 25. a5 e4 26. axb6 axb6 27. Rf4 Re8
28. c5 bxc5 29. Nxe4 Rde7 30. Nxd6 cxd6 31. e4 f6 32. Rb6 Rd7 33. Kf3 h6 34. h4
Kf7 35. g5 hxg5 36. hxg5 Ke6 37. gxf6 gxf6 38. Rf5 Rc8 39. Rh5 Rdc7 40. Kf4 Rc6
41. Rb1 R6c7 42. c3 Rg7 43. d4 cxd4 44. cxd4 Rcc7 45. Rh8 Kf7 46. d5 Rd7 47.
Rbb8 Kg6 48. Rbd8 Rge7 49. Rhg8+ Kh7 50. Kf5 Re5+ 51. Kxf6 Rxd8 52. Rxd8 Rxe4
53. Rxd6 Rf4+ 54. Ke5 Rf1 55. Rf6 Re1+ 56. Kd6 Kg7 57. Rf4 Kg6 58. Kd7 Kg5 59.
Rf2 1-0

[Event "VI Mukhamedzjanov Memorial"]
[Site "?"]
[Date "2009.05.22"]
[Round "2"]
[White "Kupreichik, Viktor"]
[Black "Alavkin, Arseny"]
[Result "1-0"]
[WhiteElo "2453"]
[BlackElo "2460"]
[PlyCount "141"]
[SourceDate "2009.05.21"]

1. e4 e6 2. d4 d5 3. e5 c5 4. c3 Qb6 5. Nf3 Nc6 6. Be2 cxd4 7. cxd4 Nh6 8. Bd3
Bd7 9. Bc2 Nb4 10. Bxh6 Nxc2+ 11. Qxc2 Rc8 12. Nc3 gxh6 13. O-O Bg7 14. Qd2 O-O
15. Rfe1 f6 16. exf6 Rxf6 17. Ne5 Qd6 18. f4 h5 19. h4 Bh6 20. g3 Kh8 21. Re2
Rg8 22. Rg2 Be8 23. Re1 Bg6 24. Qe2 Qc7 25. Rf1 a6 26. Kh2 Bf8 27. Nxg6+ hxg6
28. Qd3 Bd6 29. Ne2 Qf7 30. Re1 Qe7 31. Qe3 Rgf8 32. Rf2 Rf5 33. Kg2 Qf7 34.
Ng1 e5 35. dxe5 Bxe5 36. Nf3 Bg7 37. Rd2 Qd7 38. Qe6 Qxe6 39. Rxe6 R8f6 40.
Re8+ Rf8 41. Re7 R8f7 42. Re6 R7f6 43. Re8+ Rf8 44. Re7 R8f7 45. Rxf7 Rxf7 46.
Ne5 Bxe5 47. fxe5 Rd7 48. Kf3 Kg7 49. Ke3 Kf7 50. Rf2+ Ke7 51. Rf6 d4+ 52. Kd3
Rd5 53. Rxg6 Rxe5 54. Rg7+ Kf8 55. Rxb7 Re3+ 56. Kxd4 Rxg3 57. Ra7 Rg2 58. Kc3
Rg3+ 59. Kb4 Rg2 60. Ka3 Rg4 61. Rxa6 Rxh4 62. b4 Ke7 63. Rh6 Rh2 64. Kb3 h4
65. a4 Rh1 66. Kc4 h3 67. a5 Kd7 68. Kc5 h2 69. Kb5 Kc7 70. Rh7+ Kc8 71. a6 1-0

[Event "VI Mukhamedzjanov Memorial"]
[Site "?"]
[Date "2009.05.23"]
[Round "3"]
[White "Markosian, David"]
[Black "Kupreichik, Viktor"]
[Result "1/2-1/2"]
[WhiteElo "2444"]
[BlackElo "2453"]
[PlyCount "20"]
[SourceDate "2009.05.21"]

1. d4 d5 2. Nf3 Nf6 3. e3 e6 4. Nbd2 c5 5. b3 Nc6 6. Bb2 Qc7 7. a3 Bd6 8. dxc5
Bxc5 9. b4 Be7 10. c4 O-O 1/2-1/2

[Event "VI Mukhamedzjanov Memorial"]
[Site "?"]
[Date "2009.05.23"]
[Round "3"]
[White "Akhmadeev, Vadim"]
[Black "Romanenko, Vladimir"]
[Result "0-1"]
[WhiteElo "2419"]
[BlackElo "2490"]
[PlyCount "104"]
[SourceDate "2009.05.21"]

1. d4 Nf6 2. c4 e6 3. Nc3 Bb4 4. Qc2 O-O 5. a3 Bxc3+ 6. Qxc3 d6 7. Nf3 b6 8. e3
Bb7 9. Be2 Nbd7 10. O-O Ne4 11. Qc2 Qe7 12. Nd2 f5 13. f3 Ng5 14. Nb1 e5 15.
Nc3 c6 16. Bd3 g6 17. Bd2 Rfe8 18. Rae1 Qf6 19. Kh1 exd4 20. exd4 Ne6 21. d5
Nd4 22. Qd1 Nc5 23. Bc2 Nxc2 24. Qxc2 Qd4 25. dxc6 Bxc6 26. Nb5 Bxb5 27. cxb5
Qd3 28. Qc3 Rac8 29. Kg1 Qxb5 30. Qf6 Rf8 31. Qh4 Rf7 32. Bc3 Qa4 33. Qg3 Qd7
34. Rd1 f4 35. Qf2 Na4 36. Bd4 Re8 37. Qd2 Qf5 38. Rfe1 Rfe7 39. Rxe7 Rxe7 40.
b4 b5 41. Ba1 Re6 42. Qc1 Qf7 43. h3 Nb6 44. Qc3 Kf8 45. Qh8+ Qg8 46. Qd4 Qf7
47. Kh2 Nc4 48. a4 a6 49. axb5 axb5 50. Bc3 Ne5 51. Ra1 Qf5 52. Ra7 Nxf3+ 0-1

[Event "VI Mukhamedzjanov Memorial"]
[Site "?"]
[Date "2009.05.23"]
[Round "4"]
[White "Andreev, Eduard"]
[Black "Markosian, David"]
[Result "1/2-1/2"]
[WhiteElo "2458"]
[BlackElo "2444"]
[PlyCount "46"]
[SourceDate "2009.05.21"]

1. e4 c6 2. d4 d5 3. Nc3 dxe4 4. Nxe4 Nd7 5. Nf3 Ngf6 6. Nxf6+ Nxf6 7. c3 Bg4
8. h3 Bxf3 9. Qxf3 e6 10. Bc4 Be7 11. O-O O-O 12. a4 a5 13. Re1 Nd5 14. g3 Bg5
15. Bxg5 Qxg5 16. h4 Qf6 17. Qxf6 gxf6 18. Rad1 f5 19. Kg2 Kg7 20. Kf3 Kf6 21.
Bb3 Rfd8 22. Re2 Rab8 23. Ra1 Ra8 1/2-1/2

[Event "VI Mukhamedzjanov Memorial"]
[Site "?"]
[Date "2009.05.23"]
[Round "4"]
[White "Romanenko, Vladimir"]
[Black "Kupreichik, Viktor"]
[Result "1/2-1/2"]
[WhiteElo "2490"]
[BlackElo "2453"]
[PlyCount "43"]
[SourceDate "2009.05.21"]

1. c4 Nf6 2. Nc3 c5 3. g3 Nc6 4. Bg2 g6 5. d3 Bg7 6. Nf3 d5 7. O-O O-O 8. Nd2
Be6 9. cxd5 Nxd5 10. Nde4 Nxc3 11. Nxc3 Qd7 12. Qa4 Rac8 13. Be3 b6 14. Rfd1
Nd4 15. Qxd7 Bxd7 16. Rac1 Bc6 17. Bxc6 Rxc6 18. b3 Rd8 19. Kf1 Nf5 20. Bd2 Nd4
21. Be3 Nf5 22. Bd2 1/2-1/2

[Event "VI Mukhamedzjanov Memorial"]
[Site "?"]
[Date "2009.05.24"]
[Round "5"]
[White "Markosian, David"]
[Black "Akhmadeev, Vadim"]
[Result "1/2-1/2"]
[WhiteElo "2444"]
[BlackElo "2419"]
[PlyCount "57"]
[SourceDate "2009.05.21"]

1. d4 d5 2. Nf3 Nf6 3. Bf4 Bf5 4. e3 e6 5. Ne5 h6 6. Bd3 Bxd3 7. Qxd3 c6 8. Nd2
Nbd7 9. h3 Be7 10. O-O O-O 11. c4 Nxe5 12. Bxe5 dxc4 13. Qxc4 Nd7 14. Bg3 Rc8
15. Qa4 a6 16. Qb3 b5 17. Ne4 c5 18. dxc5 Nxc5 19. Nxc5 Rxc5 20. Rad1 Qc8 21.
Bd6 Bxd6 22. Rxd6 Rd8 23. Rxd8+ Qxd8 24. Rd1 Qc7 25. a4 bxa4 26. Qxa4 Rc1 27.
g3 a5 28. Rxc1 Qxc1+ 29. Kg2 1/2-1/2

[Event "VI Mukhamedzjanov Memorial"]
[Site "?"]
[Date "2009.05.24"]
[Round "5"]
[White "Kupreichik, Viktor"]
[Black "Andreev, Eduard"]
[Result "1/2-1/2"]
[WhiteElo "2453"]
[BlackElo "2458"]
[PlyCount "45"]
[SourceDate "2009.05.21"]

1. d4 Nf6 2. Nc3 e6 3. Bg5 d5 4. e4 dxe4 5. Nxe4 Nbd7 6. Nxf6+ Nxf6 7. Nf3 h6
8. Bxf6 Qxf6 9. Bb5+ c6 10. Bd3 Bd6 11. Qe2 Bd7 12. O-O-O O-O-O 13. Kb1 Rhe8
14. Ne5 Kb8 15. g3 Bc8 16. Rhe1 Qe7 17. Be4 Qc7 18. Nc4 c5 19. Nxd6 Qxd6 20.
dxc5 Qxc5 21. f4 Qc7 22. Rxd8 Rxd8 23. Rd1 1/2-1/2

[Event "VI Mukhamedzjanov Memorial"]
[Site "?"]
[Date "2009.05.25"]
[Round "6"]
[White "Romanenko, Vladimir"]
[Black "Andreev, Eduard"]
[Result "1/2-1/2"]
[WhiteElo "2490"]
[BlackElo "2458"]
[PlyCount "38"]
[SourceDate "2009.05.21"]

1. e4 e6 2. d4 d5 3. Nd2 dxe4 4. Nxe4 Nd7 5. Nf3 Ngf6 6. Bd3 c5 7. O-O Nxe4 8.
Bxe4 Nf6 9. Bg5 cxd4 10. Nxd4 Be7 11. Bf3 O-O 12. Re1 Qb6 13. Nb3 Rd8 14. Qe2
Bd7 15. Rad1 Bc6 16. Bxc6 Qxc6 17. c3 Rxd1 18. Rxd1 Rd8 19. Rxd8+ Bxd8 1/2-1/2

[Event "VI Mukhamedzjanov Memorial"]
[Site "?"]
[Date "2009.05.25"]
[Round "6"]
[White "Markosian, David"]
[Black "Alavkin, Arseny"]
[Result "1/2-1/2"]
[WhiteElo "2444"]
[BlackElo "2460"]
[PlyCount "26"]
[SourceDate "2009.05.21"]

1. Nf3 d5 2. b3 c6 3. Bb2 Bf5 4. e3 Nd7 5. Be2 Ngf6 6. O-O e6 7. Nh4 Bg6 8. d3
Bd6 9. g3 O-O 10. c4 Qe7 11. a3 Rad8 12. Nxg6 hxg6 13. Nd2 e5 1/2-1/2

[Event "VI Mukhamedzjanov Memorial"]
[Site "?"]
[Date "2009.05.26"]
[Round "7"]
[White "Akhamdeev, Vadim"]
[Black "Andreev, Eduard"]
[Result "1/2-1/2"]
[WhiteElo "2419"]
[BlackElo "2458"]
[PlyCount "34"]
[SourceDate "2009.05.21"]

1. d4 Nf6 2. c4 e6 3. Nc3 Bb4 4. Qc2 O-O 5. a3 Bxc3+ 6. Qxc3 b6 7. Bg5 Ba6 8.
e3 d6 9. Nf3 Nbd7 10. Bd3 h6 11. Bh4 c5 12. b4 cxd4 13. exd4 Rc8 14. Qb3 e5 15.
Be2 exd4 16. Nxd4 Re8 17. b5 Re4 1/2-1/2

[Event "VI Mukhamedzjanov Memorial"]
[Site "?"]
[Date "2009.05.26"]
[Round "8"]
[White "Andreev, Eduard"]
[Black "Alavkin, Arseny"]
[Result "1/2-1/2"]
[WhiteElo "2458"]
[BlackElo "2460"]
[PlyCount "36"]
[SourceDate "2009.05.21"]

1. e4 e6 2. d4 d5 3. Nd2 Nf6 4. e5 Nfd7 5. Bd3 c5 6. c3 Nc6 7. Ne2 cxd4 8. cxd4
f6 9. exf6 Nxf6 10. O-O Bd6 11. Nf3 O-O 12. Bf4 Bxf4 13. Nxf4 Ne4 14. Qc1 Ng5
15. Nxg5 Qxg5 16. Ne2 Qf6 17. Qe3 a6 18. Rad1 Bd7 1/2-1/2

[Event "VI Mukhamedzjanov Memorial"]
[Site "?"]
[Date "2009.05.26"]
[Round "8"]
[White "Kupreichik, Viktor"]
[Black "Markosian, David"]
[Result "1/2-1/2"]
[WhiteElo "2453"]
[BlackElo "2444"]
[PlyCount "40"]
[SourceDate "2009.05.21"]

1. Nc3 e5 2. e4 Nf6 3. Bc4 Nxe4 4. Qh5 Nd6 5. Qxe5+ Qe7 6. Qxe7+ Bxe7 7. Bb3 c6
8. Nf3 Nf5 9. d3 d5 10. Bf4 O-O 11. O-O-O Nd7 12. Rhe1 Bd6 13. Bxd6 Nxd6 14.
Ne2 Nc5 15. h3 a5 16. c3 Nxb3+ 17. axb3 Bd7 18. Nf4 Rae8 19. Kc2 f6 20. Rxe8
Rxe8 1/2-1/2

[Event "VI Mukhamedzjanov Memorial"]
[Site "?"]
[Date "2009.05.26"]
[Round "8"]
[White "Romanenko, Vladimir"]
[Black "Akhmadeev, Vadim"]
[Result "1/2-1/2"]
[WhiteElo "2490"]
[BlackElo "2419"]
[PlyCount "116"]
[SourceDate "2009.05.21"]

1. e4 c5 2. Nf3 d6 3. d4 cxd4 4. Nxd4 Nf6 5. Nc3 Nc6 6. Bc4 Qb6 7. Nb3 e6 8.
Bf4 Ne5 9. Be2 a6 10. Qd2 Be7 11. f3 O-O 12. g4 Qc7 13. g5 Nfd7 14. O-O-O b5
15. h4 Nb6 16. h5 b4 17. Nb1 Nec4 18. Qxb4 e5 19. Bxc4 Nxc4 20. N3d2 Be6 21.
Qc3 Rfc8 22. b3 exf4 23. Nxc4 Bxc4 24. h6 Bf8 25. hxg7 Bxg7 26. Qxc4 Qa5 27. b4
Rxc4 28. bxa5 Rac8 29. Rh2 Be5 30. Rd5 Kg7 31. a3 Kg6 32. Rdd2 R4c5 33. c3 Rxa5
34. Rh6+ Kg7 35. Kc2 Rac5 36. Rdh2 Rh8 37. Rh1 a5 38. Kb3 a4+ 39. Kc2 Rc6 40.
Kd3 Rhc8 41. Rxh7+ Kg8 42. g6 fxg6 43. Ra7 Bxc3 44. Rg1 Be5 45. Rxg6+ Kf8 46.
Rg5 R6c7 47. Rxa4 Rc1 48. Rb4 Re1 49. Rb7 Rcc1 50. Rf5+ Ke8 51. Rg5 Kf8 52.
Rf5+ Ke8 53. Rb8+ Ke7 54. Rb7+ Ke6 55. Rff7 Bf6 56. Rf8 Be5 57. Rff7 Bf6 58.
Rf8 Be5 1/2-1/2

[Event "VI Mukhamedzjanov Memorial"]
[Site "?"]
[Date "2009.05.27"]
[Round "9"]
[White "Kupreichik, Viktor"]
[Black "Romanenko, Vladimir"]
[Result "1/2-1/2"]
[WhiteElo "2453"]
[BlackElo "2490"]
[PlyCount "23"]
[SourceDate "2009.05.21"]

1. d4 Nf6 2. Nc3 d5 3. Bg5 Nbd7 4. Nf3 e6 5. e3 c5 6. Be2 Qb6 7. O-O Be7 8. Na4
Qa5 9. Nxc5 Nxc5 10. dxc5 Qxc5 11. Rc1 b5 12. Qd4 1/2-1/2

[Event "VI Mukhamedzjanov Memorial"]
[Site "?"]
[Date "2009.05.27"]
[Round "9"]
[White "Markosian, David"]
[Black "Andreev, Eduard"]
[Result "1/2-1/2"]
[WhiteElo "2444"]
[BlackElo "2458"]
[PlyCount "35"]
[SourceDate "2009.05.21"]

1. e4 e6 2. Qe2 c5 3. Nf3 Nc6 4. g3 d6 5. Bg2 Nf6 6. O-O Be7 7. d3 O-O 8. c3
Rb8 9. d4 cxd4 10. cxd4 d5 11. e5 Ne4 12. Nbd2 Nxd2 13. Bxd2 Bd7 14. Be3 Qb6
15. Rfc1 Rbc8 16. Bf1 Rc7 17. Rc3 a6 18. Rac1 1/2-1/2